| 000 | 00468nam a2200169 4500 | ||
|---|---|---|---|
| 001 | 113466 | ||
| 003 | ES-MaACL | ||
| 005 | 20230906185913.0 | ||
| 007 | t| | ||
| 008 | 061121s1976 sp r ||||1| spa d | ||
| 100 | 1 |
_aPablos, Salvador de. _988099 |
|
| 245 | 1 | 0 |
_aAntes de la esperanza / _cSalvador de Pablos. |
| 260 |
_aMadrid : _bSever-Cuesta, _c1976. |
||
| 300 |
_a78 p. ; _c22 cm. |
||
| 852 |
_aES-MaACL _jA-6073 _bR.94512 |
||
| 852 |
_aES-MaACL _jE-9941 _bR.94513 |
||
| 999 |
_c113466 _d113466 |
||